| 000 | 006740000a22001810004500 | ||
|---|---|---|---|
| 003 | MACL | ||
| 005 | 20160514125403.0 | ||
| 008 | 160514b xxu||||| |||| 00| 0 eng d | ||
| 040 |
_aMACL _cMACL |
||
| 041 | _aHindi | ||
| 082 | _a891.433 | ||
| 100 |
_aप्रसाद, श्रीकृष्ण एस _956994 |
||
| 245 |
_aहिन्दी कथाकारों की चर्चित कहानियां _cश्रीकृष्ण एस प्रसाद |
||
| 260 |
_aदिल्ली _bदिल्ली पुस्तक सदन _c2012 |
||
| 350 | _a275 | ||
| 650 |
_aStories _956995 |
||
| 942 |
_cHIN _k891.433/PRE/S _2ddc |
||
| 999 |
_c48980 _d48980 |
||